<?xml version="1.0" encoding="UTF-8"?>
<record
    xmlns:xsi="http://www.w3.org/2001/XMLSchema-instance"
    xsi:schemaLocation="http://www.loc.gov/MARC21/slim http://www.loc.gov/standards/marcxml/schema/MARC21slim.xsd"
    xmlns="http://www.loc.gov/MARC21/slim">

  <leader>01661nam a22001937a 4500</leader>
  <controlfield tag="003">NALT</controlfield>
  <controlfield tag="005">20231221132104.0</controlfield>
  <controlfield tag="008">      s2537    th           o      tha d</controlfield>
  <datafield tag="040" ind1=" " ind2=" ">
    <subfield code="a">&#xE4C;NALT</subfield>
  </datafield>
  <datafield tag="086" ind1=" " ind2=" ">
    <subfield code="a">&#xE2A;&#xE1C; 10 5.1 352.43 2537 </subfield>
  </datafield>
  <datafield tag="110" ind1="2" ind2=" ">
    <subfield code="a">&#xE2A;&#xE33;&#xE19;&#xE31;&#xE01;&#xE07;&#xE32;&#xE19;&#xE40;&#xE25;&#xE02;&#xE32;&#xE18;&#xE34;&#xE01;&#xE32;&#xE23;&#xE2A;&#xE20;&#xE32;&#xE1C;&#xE39;&#xE49;&#xE41;&#xE17;&#xE19;&#xE23;&#xE32;&#xE29;&#xE0E;&#xE23;.</subfield>
    <subfield code="b">&#xE01;&#xE2D;&#xE07;&#xE01;&#xE23;&#xE23;&#xE21;&#xE32;&#xE18;&#xE34;&#xE01;&#xE32;&#xE23; </subfield>
    <subfield code="9">23373</subfield>
  </datafield>
  <datafield tag="245" ind1="1" ind2="0">
    <subfield code="a">&#xE23;&#xE48;&#xE32;&#xE07;&#xE1E;&#xE23;&#xE30;&#xE23;&#xE32;&#xE0A;&#xE1A;&#xE31;&#xE0D;&#xE0D;&#xE31;&#xE15;&#xE34;&#xE07;&#xE1A;&#xE1B;&#xE23;&#xE30;&#xE21;&#xE32;&#xE13;&#xE23;&#xE32;&#xE22;&#xE08;&#xE48;&#xE32;&#xE22; &#xE1B;&#xE23;&#xE30;&#xE08;&#xE33;&#xE1B;&#xE35;&#xE07;&#xE1A;&#xE1B;&#xE23;&#xE30;&#xE21;&#xE32;&#xE13; &#xE1E;.&#xE28;.2537 &#xE23;&#xE32;&#xE22;&#xE01;&#xE32;&#xE23;&#xE1B;&#xE23;&#xE31;&#xE1A;&#xE25;&#xE14; &#xE15;&#xE32;&#xE21;&#xE21;&#xE15;&#xE34;&#xE02;&#xE2D;&#xE07;&#xE04;&#xE13;&#xE30;&#xE01;&#xE23;&#xE23;&#xE21;&#xE32;&#xE18;&#xE34;&#xE01;&#xE32;&#xE23;&#xE27;&#xE34;&#xE2A;&#xE32;&#xE21;&#xE31;&#xE0D;&#xE2A;&#xE20;&#xE32;&#xE1C;&#xE39;&#xE49;&#xE41;&#xE17;&#xE19;&#xE23;&#xE32;&#xE29;&#xE0E;&#xE23; (&#xE40;&#xE25;&#xE48;&#xE21;&#xE17;&#xE35;&#xE48; 1 ) /</subfield>
    <subfield code="c">&#xE01;&#xE2D;&#xE07;&#xE01;&#xE23;&#xE23;&#xE21;&#xE32;&#xE18;&#xE34;&#xE01;&#xE32;&#xE23; &#xE2A;&#xE33;&#xE19;&#xE31;&#xE01;&#xE07;&#xE32;&#xE19;&#xE40;&#xE25;&#xE02;&#xE32;&#xE18;&#xE34;&#xE01;&#xE32;&#xE23;&#xE2A;&#xE20;&#xE32;&#xE1C;&#xE39;&#xE49;&#xE41;&#xE17;&#xE19;&#xE23;&#xE32;&#xE29;&#xE0E;&#xE23;.</subfield>
  </datafield>
  <datafield tag="260" ind1=" " ind2=" ">
    <subfield code="a">&#xE01;&#xE23;&#xE38;&#xE07;&#xE40;&#xE17;&#xE1E;&#xE2F; : </subfield>
    <subfield code="b">&#xE01;&#xE2D;&#xE07;&#xE01;&#xE23;&#xE23;&#xE21;&#xE32;&#xE18;&#xE34;&#xE01;&#xE32;&#xE23; &#xE2A;&#xE33;&#xE19;&#xE31;&#xE01;&#xE07;&#xE32;&#xE19;&#xE40;&#xE25;&#xE02;&#xE32;&#xE18;&#xE34;&#xE01;&#xE32;&#xE23;&#xE2A;&#xE20;&#xE32;&#xE1C;&#xE39;&#xE49;&#xE41;&#xE17;&#xE19;&#xE23;&#xE32;&#xE29;&#xE0E;&#xE23;, </subfield>
    <subfield code="c">2537.</subfield>
  </datafield>
  <datafield tag="300" ind1=" " ind2=" ">
    <subfield code="a">584 &#xE2B;&#xE19;&#xE49;&#xE32; :</subfield>
    <subfield code="c">26 &#xE0B;&#xE21;.</subfield>
  </datafield>
  <datafield tag="520" ind1=" " ind2=" ">
    <subfield code="a">&#xE2B;&#xE19;&#xE31;&#xE07;&#xE2A;&#xE37;&#xE2D;&#xE40;&#xE25;&#xE48;&#xE21;&#xE19;&#xE35;&#xE49; &#xE23;&#xE27;&#xE1A;&#xE23;&#xE27;&#xE21;&#xE40;&#xE01;&#xE35;&#xE48;&#xE22;&#xE27;&#xE01;&#xE31;&#xE1A;&#xE23;&#xE48;&#xE32;&#xE07;&#xE1E;&#xE23;&#xE30;&#xE23;&#xE32;&#xE0A;&#xE1A;&#xE31;&#xE0D;&#xE0D;&#xE31;&#xE15;&#xE34;&#xE07;&#xE1A;&#xE1B;&#xE23;&#xE30;&#xE21;&#xE32;&#xE13;&#xE23;&#xE32;&#xE22;&#xE08;&#xE48;&#xE32;&#xE22;&#xE1B;&#xE23;&#xE30;&#xE08;&#xE33;&#xE1B;&#xE35;&#xE07;&#xE1A;&#xE1B;&#xE23;&#xE30;&#xE21;&#xE32;&#xE13; &#xE1E;.&#xE28;.2537 &#xE23;&#xE32;&#xE22;&#xE01;&#xE32;&#xE23;&#xE1B;&#xE23;&#xE31;&#xE1A;&#xE25;&#xE14;&#xE15;&#xE32;&#xE21;&#xE21;&#xE15;&#xE34;&#xE02;&#xE2D;&#xE07;&#xE04;&#xE13;&#xE30;&#xE01;&#xE23;&#xE23;&#xE21;&#xE32;&#xE18;&#xE34;&#xE01;&#xE32;&#xE23;&#xE27;&#xE34;&#xE2A;&#xE32;&#xE21;&#xE31;&#xE0D;&#xE2A;&#xE20;&#xE32;&#xE1C;&#xE39;&#xE49;&#xE41;&#xE17;&#xE19;&#xE23;&#xE32;&#xE29;&#xE0E;&#xE23;  </subfield>
  </datafield>
  <datafield tag="650" ind1=" " ind2="0">
    <subfield code="a">&#xE07;&#xE1A;&#xE1B;&#xE23;&#xE30;&#xE21;&#xE32;&#xE13;</subfield>
    <subfield code="z">&#xE44;&#xE17;&#xE22; </subfield>
    <subfield code="y">2537</subfield>
    <subfield code="9">30499</subfield>
  </datafield>
  <datafield tag="850" ind1=" " ind2=" ">
    <subfield code="a">NALT</subfield>
  </datafield>
  <datafield tag="942" ind1=" " ind2=" ">
    <subfield code="c">PAR</subfield>
    <subfield code="2">local</subfield>
  </datafield>
  <datafield tag="999" ind1=" " ind2=" ">
    <subfield code="c">35108</subfield>
    <subfield code="d">35108</subfield>
  </datafield>
  <datafield tag="998" ind1=" " ind2=" ">
    <subfield code="j">4576</subfield>
    <subfield code="k"> &#xE19;&#xE31;&#xE01;&#xE28;&#xE36;&#xE01;&#xE29;&#xE32;&#xE1D;&#xE36;&#xE01;&#xE07;&#xE32;&#xE19;-02</subfield>
  </datafield>
  <datafield tag="952" ind1=" " ind2=" ">
    <subfield code="0">0</subfield>
    <subfield code="1">0</subfield>
    <subfield code="2">local</subfield>
    <subfield code="4">0</subfield>
    <subfield code="7">0</subfield>
    <subfield code="8">CPARPUB</subfield>
    <subfield code="a">NALT</subfield>
    <subfield code="b">NALT</subfield>
    <subfield code="c">PARPUB</subfield>
    <subfield code="d">2018-08-28</subfield>
    <subfield code="o">&#xE2A;&#xE1C; 10 5.1 352.43 2537</subfield>
    <subfield code="p">3961121590</subfield>
    <subfield code="r">2017-06-09 00:00:00</subfield>
    <subfield code="t">&#xE09;. 2</subfield>
    <subfield code="w">2017-06-09</subfield>
    <subfield code="y">PAR</subfield>
  </datafield>
  <datafield tag="952" ind1=" " ind2=" ">
    <subfield code="0">0</subfield>
    <subfield code="1">0</subfield>
    <subfield code="2">local</subfield>
    <subfield code="4">0</subfield>
    <subfield code="7">0</subfield>
    <subfield code="8">CPARPUB</subfield>
    <subfield code="a">NALT</subfield>
    <subfield code="b">NALT</subfield>
    <subfield code="c">PARPUB</subfield>
    <subfield code="d">2018-08-28</subfield>
    <subfield code="o">&#xE2A;&#xE1C; 10 5.1 352.43 2537</subfield>
    <subfield code="p">3961121589</subfield>
    <subfield code="r">2017-06-09 00:00:00</subfield>
    <subfield code="t">&#xE09;. 1</subfield>
    <subfield code="w">2017-06-09</subfield>
    <subfield code="y">PAR</subfield>
  </datafield>
</record>
